000 01558nam0a2200337 4500
001 RU\NLR\bibl\1484462
005 20260405123916.0
021 _aRU
_b2009-106133
_96756
035 _a(NLR Aleph) 001476083
090 _a1674015
_c1674015
100 _a20100315d2009 |||y0rusy50 ca
101 0 _arus
102 _aRU
105 _aa |||||||||
200 1 _aАвтоматизация процесса вождения морских судов
_eучебно-методическое пособие
_fВ. Г. Сенченко, А. Л. Боран-Кешишьян, А. А. Денисюк
_gФедер. гос. образоват. учреждение высш. проф. образования "Мор. гос. акад. им. адмирала Ф. Ф. Ушакова"
205 _a2-е изд., перераб. и доп.
210 _aНовороссийск
_cМГА
_d2009
215 _a64 с.
_cил.
_d21
320 _aБиблиогр.: с. 64 (10 назв.)
606 1 _aМорское судовождение
_jУчебно-методические пособия
_xАвтоматизация
_91661725
_3RU\NLR\auth\66736330
686 _aО471,1-5-05я7-1
700 1 _aСенченко
_bВ. Г.
_4070
701 1 _4070
_7ca
_8rus
_aБоран-Кешишьян
_bА. Л.
_gАнастас Леонидович
_932408
_3RU\NLR\AUTH\7749473
701 1 _aДенисюк
_bА. А.
_4070
801 0 _aRU
_bNLR
_c20100315
_gRCR
801 1 _aRU
_bNLR
_c20100315
942 _cBOOK
980 _aNB
980 _aNBR